Quizzle I - Car Brands - Statistics

General Stats
  • This quiz has been taken 11 times
  • The average score is 9 of 12
Answer Stats
Hint Answer % Correct
Lamb_____ Lamborghini
90%
Mer_____ Mercedes
90%
Toy_____ Toyota
90%
Fo_____ Ford
80%
McL_____ McLaren
80%
Mit_____ Mitsubishi
80%
Nis_____ Nissan
80%
Por_____ Porsche
80%
Ren_____ Renault
80%
Au_____ Audi
70%
Da_____ Dacia
40%
Jae_____ Jaecoo
10%
No matching quizzes found
Score Distribution
Percent of People with Each Score
Percentile by Number Answered
Your Score History
You have not taken this quiz